00461 2200193 4500001002100000005001500021008004100036020001800077035001900095041000700114082000800121090001400129100001800143245002600161260002800187300002800215500000600243650001800249INLIS00000000000620520241224113240241224||||||||| | ||| |||| || |  a979-692-668-7 0010-1224006205 aen0 a743 a743 PUT s0 aTalimah Putra00aSi Kerdil Dan Raksasa bRemaja Rosdakaryac2007 avii,20 hlm.:ilus.;28 cm a3 0aCerita Rakyat